000 00535nam a2200193 i 4500
001 99317
003 ES-MaACL
005 20230906182458.0
007 t|
008 050906s1942 sp f |||| | fre d
080 _a811.133.1'36
100 1 _aMartín Medrano, Ramiro.
_977564
245 1 3 _aLe français postal /
_cpor Ramiro Martín Medrano.
250 _a13ª ed.
260 _aMadrid :
_bEditorial Yagües,
_c1942.
300 _a382 p. ;
_c22 cm.
650 0 4 _aLengua francesa-
_xGramática.
_914220
852 _aES-MaACL
_jB-6572
999 _c99317
_d99317